Estadísticas para Ciudades más pobladas en Suiza

Haz click aquí para intentar la prueba.

Estadísticas generales

  • Esta prueba ha sido intentada 1.674 veces
  • La puntuación promedio es 5 de 10

Estadísticas de respuestas

PoblaciónCiudad% Correcto
128,848Berna
97%
372,047Zúrich
94%
201,164Ginebra
82%
166,173Basilea
57%
133,521Lausana
49%
77,491Lucerna
39%
55,060Lugano
33%
72,959San Galo
28%
101,203Winterthur
20%
53,031Biel/Bienne
14%

Distribución de puntuación

Porcentaje por número respondido

Porcentaje de gente con cada puntuación

Historial de tus puntuaciones

No has intentado esta prueba.